000 00564nam a2200241Ia 4500
008 210210b1950 xxu||||| |||| 00| 0 eng d
041 _aeng
082 _a543 CHAO
100 _aCHATTERJEA (Dinabandhu)
245 _aOutlines of analytical chemistry Rev Ed 4
250 _a
260 _aCalcutta
_bVivekananda book agency
_c1950
300 _avii,247
650 _aRev
650 _aOutlines
650 _aof
650 _aEd
650 _achemistry
650 _aanalytical
650 _a4.
690 _aAnalytical Chemistry
906 _a009901
999 _c140586
_d140586